Highways (Record no. 61759)

MARC details
000 -LEADER
fixed length control field 00693cam a2200181 4500
001 - CONTROL NUMBER
control field X102784
008 - FIXED-LENGTH DATA ELEMENTS--GENERAL INFORMATION
fixed length control field 000000n1999 000 0 eng u
035 ## - SYSTEM CONTROL NUMBER
System control number (Sirsi) u102784
041 0# - LANGUAGE CODE
Language code of text/sound track or separate title eng
245 00 - TITLE STATEMENT
Title Highways
260 ## - PUBLICATION, DISTRIBUTION, ETC.
Date of publication, distribution, etc. 1999
490 #0 - SERIES STATEMENT
Series statement Estates Gazette Case Summaries
Volume/sequential designation [1999] EGCS 127 9945(1)
520 ## - SUMMARY, ETC.
Summary, etc. ChD, 26 October 1999. Considered whether the use of a stone buttress built on private land next to highway as a viewing platform over picturesque valley amounted to implied dedication and acceptance of public highway.
650 24 - SUBJECT ADDED ENTRY--TOPICAL TERM
Topical term or geographic name entry element SKRENTY AND ANOTHER V HARROGATE BC AND OTHERS
651 #4 - SUBJECT ADDED ENTRY--GEOGRAPHIC NAME
Geographic name England and Wales
Chronological subdivision 1543-
690 ## - LOCAL SUBJECT ADDED ENTRY--TOPICAL TERM (OCLC, RLIN)
Topical term or geographic name as entry element Boundary disputes
9 (RLIN) 6221
942 ## - ADDED ENTRY ELEMENTS (KOHA)
Suppress in OPAC 0
Holdings
Withdrawn status Lost status Source of classification or shelving scheme Damaged status Not for loan Home library Current library Shelving location Date acquired Total Checkouts Full call number Barcode Date last seen Copy number Price effective from Koha item type
    Dewey Decimal Classification     London London Gallery 24/11/1999   X1027841 102784-1001 06/08/2019 1 06/08/2019 Law report